000 00281nam a2200121Ia 4500
008 221030s9999 xx 000 0 und d
041 _aEnglish
100 _aA. P. Mathur
245 0 _aIntroduction To Microprocessors
_cby A. P. Mathur
260 _c0
650 _aB
942 _cBK
999 _c14102
_d14102